000
00182 a2200097 4500
020
_a
8426415016
041
_a
spa
100
_a
Menendez, Ana
245
_a
Por amor al che
942
_c
BK
999
_c
8627
_d
8627